<?xml version="1.0" encoding="UTF-8"?>
<record
    xmlns:xsi="http://www.w3.org/2001/XMLSchema-instance"
    xsi:schemaLocation="http://www.loc.gov/MARC21/slim http://www.loc.gov/standards/marcxml/schema/MARC21slim.xsd"
    xmlns="http://www.loc.gov/MARC21/slim">

  <leader>02844nam a2200205 i 4500</leader>
  <controlfield tag="001">163061</controlfield>
  <controlfield tag="003">ES-MaACL</controlfield>
  <controlfield tag="005">20250731050202.0</controlfield>
  <controlfield tag="008">931025s1797    sp           |||| | spa d</controlfield>
  <datafield tag="110" ind1="2" ind2=" ">
    <subfield code="a">Real Academia M&#xE9;dica de Madrid.</subfield>
    <subfield code="9">223792</subfield>
  </datafield>
  <datafield tag="245" ind1="1" ind2="0">
    <subfield code="a">Memorias de la Real Academia M&#xE9;dica de Madrid. </subfield>
    <subfield code="n">I, </subfield>
    <subfield code="p">1797.</subfield>
  </datafield>
  <datafield tag="260" ind1=" " ind2=" ">
    <subfield code="a">Madrid : </subfield>
    <subfield code="b">en la Imprenta Real : </subfield>
    <subfield code="b">por Don Pedro Julian Pereyra,</subfield>
    <subfield code="c">1797.</subfield>
  </datafield>
  <datafield tag="300" ind1=" " ind2=" ">
    <subfield code="a">LII, 497 p. ; </subfield>
    <subfield code="c">26cm.</subfield>
  </datafield>
  <datafield tag="505" ind1="8" ind2="0">
    <subfield code="a">Contiene: Noticia hist&#xF3;rica del origen, progresos y estado actual de la Real Academia M&#xE9;dica de Madrid (p. I-LII) . Disertaci&#xF3;n qu&#xED;mica fisiol&#xF3;gica sobre la respiraci&#xF3;n y la sangre consideradas como origen y primer principio de la vitalidad de los animales / Ignacio Mar&#xED;a Ruiz de Luzuriaga (p. 1-98) . Observaciones sobre el cultivo del arroz en el Reino de Valencia y su influencia en la salud p&#xFA;blica / Antonio Joseph Antilles (p. 99-128) . Memoria sobre el azul de Prusia / Luis Proust (p. 129-138) . Memoria sobre la mina de hierro llamada vulgarmente pyrita / Luis Proust (p. 139-144) . Observaciones sobre el influjo de la luz solar, especialmente en la purificaci&#xF3;n del &#xE1;cido n&#xED;trico / Domingo Garc&#xED;a Fern&#xE1;ndez (p. 145-158) . Discurso sobre un punto de medicina forensa / J. S.(p. 159-168) . Memoria sobre un medio de formar artificialmente las aguas marciales sin que el hierro se oxigene ni se separe de ellas / Gregorio Ba&#xF1;ares (p. 169-174) . Observaciones sobre la quina / Gregorio Ba&#xF1;ares (p. 175-182) . Resumen de las propiedades principales del platino / Francisco Chabaneau (p. 183-188) . Memoria sobre los efectos que produce el alkali volatil en las substancias naturales / Joseph Iberti (p. 189-190) . Disertaci&#xF3;n bot&#xE1;nica sobre los g&#xE9;neros tovaria, actinophyllum, araucaria y salmia / Joseph Pav&#xF3;n (p. 191-204) . Disertaci&#xF3;n m&#xE9;dica sobre el c&#xF3;lico de Madrid / Ignacio Mar&#xED;a Ruiz de Luzuriaga (p. 205-348) . Memoria sobre la ratanhia / Hip&#xF3;lito Ruiz (p. 349-366) . Memoria sobre la legitima calaguala / Hip&#xF3;lito Ruiz (p. 367-392) . Memoria sobre la canchalagua / Hip&#xF3;lito Ruiz (p. 393-404) . Memoria sobre la ra&#xED;z de China descubierta en el Per&#xFA; / Hip&#xF3;lito Ruiz (p. 405-420) . Disertaci&#xF3;n sobre las funestas consecuencias del estado de inercia del &#xFA;tero / Juan Hirigoiti (p. 421-430) . Ensayo apolog&#xE9;tico en que se prueba que el descubrimiento de hacer agua potable el agua del mar... / Ignacio Mar&#xED;a Ruiz de Luzuriaga (p. 431-454) . Memoria sobre la dificultad de respirar peri&#xF3;dica que manifiesta el influjo de la luna en el cuerpo humano / Antonio Franseri (p. 455-497).</subfield>
  </datafield>
  <datafield tag="700" ind1="1" ind2=" ">
    <subfield code="a">Pereyra, Pedro Juli&#xE1;n.</subfield>
    <subfield code="9">131007</subfield>
  </datafield>
  <datafield tag="710" ind1="2" ind2=" ">
    <subfield code="a">Imprenta Real (Madrid)</subfield>
    <subfield code="9">134468</subfield>
  </datafield>
  <datafield tag="710" ind1="2" ind2=" ">
    <subfield code="a">Real Academia Nacional de Medicina (Espa&#xF1;a)</subfield>
    <subfield code="9">6344</subfield>
  </datafield>
  <datafield tag="852" ind1=" " ind2=" ">
    <subfield code="a">ES-MaACL</subfield>
    <subfield code="j">K-96    </subfield>
    <subfield code="z">- Enc. pasta espa&#xF1;ola</subfield>
  </datafield>
  <datafield tag="999" ind1=" " ind2=" ">
    <subfield code="c">163061</subfield>
    <subfield code="d">163061</subfield>
  </datafield>
  <datafield tag="952" ind1=" " ind2=" ">
    <subfield code="0">0</subfield>
    <subfield code="1">0</subfield>
    <subfield code="4">0</subfield>
    <subfield code="7">0</subfield>
    <subfield code="8">LIBXVIII</subfield>
    <subfield code="a">ATENEOM</subfield>
    <subfield code="b">ATENEOM</subfield>
    <subfield code="c">ADM</subfield>
    <subfield code="d">2008-01-17</subfield>
    <subfield code="l">0</subfield>
    <subfield code="o">K-96</subfield>
    <subfield code="p">1170861</subfield>
    <subfield code="r">2023-02-23 00:00:00</subfield>
    <subfield code="w">2023-02-23</subfield>
    <subfield code="y">MONANT</subfield>
  </datafield>
</record>
